|
|
|
|
| LEADER |
00000cam a2200000 7i4500 |
| 001 |
0000036713 |
| 005 |
20040708093000.0 |
| 090 |
0 |
0 |
|a BP188.14.H65
|b G42 1988
|
| 100 |
0 |
|
|a غمرى، محمد بن عمر ,
|e author
|
| 245 |
1 |
2 |
|a الحكم المضبوط فى تحريم فعل قوم لوط
|c شمس الدين محمد بن عمر الغمرى الواسطى
|
| 260 |
2 |
|
|a [s.l] :
|b Dar al-Sahabah lil-Turath ,
|c 1988
|
| 300 |
|
|
|a 147 p. ;
|c 24 cm.
|
| 650 |
|
0 |
|a Homosexuality
|x Religious aspects
|x Islam
|
| 650 |
|
0 |
|a Sex crimes (Islamic law)
|
| 745 |
0 |
3 |
|a al-Hukm al-madbut fi tahrim fi`il qawm Lut
|
| 999 |
|
|
|a 1000080261
|b Book
|c OPEN SHELF (30 DAYS)
|e Gong Badak Campus
|